Critical point theory and submanifold geometry

Αποθηκεύτηκε σε:
Λεπτομέρειες βιβλιογραφικής εγγραφής
Κύριος συγγραφέας: Palais, Richard S..
Άλλοι συγγραφείς: Terng, Chuu-lian 1949-
Μορφή: Βιβλίο
Γλώσσα:English
Δημοσίευση: Berlin : Springer-verlag, c1988
Σειρά:Lecture notes in mathematics (Springer-Verlag) ; 1353
Θέματα:
Ετικέτες: Προσθήκη ετικέτας
Δεν υπάρχουν, Καταχωρήστε ετικέτα πρώτοι!

MARC

LEADER 00000nam a2200000 i 4500
001 1/28327
008 941103s1988 eng d
020 |a 3-540-50399-4 
035 |a 1993  |l 10038047 
040 |a GR-MY-UA  |b gre  |e aacr 
041 0 |a eng 
082 0 |a 516.36 
100 1 |a Palais, Richard S... 
245 1 0 |a Critical point theory and submanifold geometry /  |c Richard S. Palais, Chuu-lian Terng 
260 |a Berlin :   |b Springer-verlag,   |c c1988 
300 |a x, 271 p.;  |c 25 cm. 
490 1 |a Lecture notes in mathematics (Springer-Verlag)  |v ; 1353 
500 |a Includes bibliographical references and index 
650 0 0 |a Submanifolds. 
650 0 0 |a Critical point theory (Mathematical analysis) 
700 1 |a Terng, Chuu-lian  |d 1949- 
830 0 |a Lecture notes in mathematics (Springer-Verlag)  |v ; 1353 
852 |a INST  |b SAMOS  |e 19941103  |h 516.36 PAL  |p 005300006894  |q 005300006894  |t BK  |y 0 
909 |a Σ  |b 029242